Sailor Sam / (Record no. 5432)

MARC details
000 -LEADER
fixed length control field 01592nam a22002897a 4500
001 - CONTROL NUMBER
control field 5432
003 - CONTROL NUMBER IDENTIFIER
control field FISKH
005 - DATE AND TIME OF LATEST TRANSACTION
control field 20241206113838.0
008 - FIXED-LENGTH DATA ELEMENTS--GENERAL INFORMATION
fixed length control field 241206b cb ||||| |||| 00| 0 eng d
020 ## - INTERNATIONAL STANDARD BOOK NUMBER
International Standard Book Number 0763559210
040 ## - CATALOGING SOURCE
Original cataloging agency FISKH
Language of cataloging eng
Transcribing agency FISKH
Modifying agency FISKH
082 ## - DEWEY DECIMAL CLASSIFICATION NUMBER
Classification number 428.6
100 ## - MAIN ENTRY--PERSONAL NAME
Personal name Eggleton, Jill
Dates associated with a name (1946-)
245 ## - TITLE STATEMENT
Title Sailor Sam /
Statement of responsibility, etc. Written by Jill Eggleton Illustrated by Jim Story
250 ## - EDITION STATEMENT
Edition statement First published in 1998
260 ## - PUBLICATION, DISTRIBUTION, ETC.
Place of publication, distribution, etc. Crystal Lake :
Name of publisher, distributor, etc. Rigby,
Date of publication, distribution, etc. 1998.
300 ## - PHYSICAL DESCRIPTION
Extent 15 pages :
Other physical details color illustrations ;
Dimensions 21 cm
505 ## - FORMATTED CONTENTS NOTE
Formatted contents note J<br/>
520 ## - SUMMARY, ETC.
Summary, etc. The Sails Literacy Series is the perfect resource for Guided Reading and Writing, Reciprocal Reading and Independent Reading. The engaging visuals and subjects will motivate your students to read for pleasure and for information. The Sails Literacy Series develops: analytical thinking skills decoding and comprehension skills understanding of fiction and non-fiction understanding of purpose, structure and genre. Guided Reading Books will build your students' confidence in reading. Each title is 16-24 pages in length and features time-saving Guided Reading notes on visual literacy, critical thinking, phonological patterns and language features. This reader is classified as Reading Level 13 / Fountas and Pinnell Level H. Visit our Levelled readers page for further information on reading levels.
521 8# - TARGET AUDIENCE NOTE
Target audience note 440L<br/>
Source Lexile<br/>
521 8# - TARGET AUDIENCE NOTE
Target audience note J<br/>
Source Raz-Plus<br/>
650 ## - SUBJECT ADDED ENTRY--TOPICAL TERM
Source of heading or term Adventures
Topical term or geographic name entry element Easy reader
650 ## - SUBJECT ADDED ENTRY--TOPICAL TERM
Source of heading or term Mysteries
Topical term or geographic name entry element Fiction
700 ## - ADDED ENTRY--PERSONAL NAME
Personal name Storey, Jim
Dates associated with a name Illustrator
942 ## - ADDED ENTRY ELEMENTS (KOHA)
Source of classification or shelving scheme Dewey Decimal Classification
Koha item type Books
Suppress in OPAC No
Holdings
Withdrawn status Lost status Source of classification or shelving scheme Damaged status Not for loan Collection Home library Current library Shelving location Date acquired Total Checkouts Full call number Barcode Date last seen Copy number Price effective from Koha item type
    Dewey Decimal Classification     Fiction Footprints International School Library Network Toul Kork Campus Footprints International School Library Network Toul Kork Campus TK Primary Library Room(4th Floor), Bookcase 1&2, Shelves 1-16, Dark Blue Books 12/06/2024   EGG 428.6 2024-2411 12/06/2024 1 12/06/2024 Books